Wissen und können hochschule des praktischen lebens (Record no. 10597)

MARC details
000 -CABECERA
campo de control de longitud fija 00730nam a2200205 a 4500
001 - NÚMERO DE CONTROL
campo de control BRL_1789
005 - FECHA Y HORA DE LA ÚLTIMA TRANSACCIÓN
campo de control 20190320211353.0
008 - DATOS DE LONGITUD FIJA--INFORMACIÓN GENERAL
campo de control de longitud fija 300715s1936----ag-a######---#000-0#ger-#
041 ## - CÓDIGO DE LENGUA
Código de lengua del texto/banda sonora o título independiente ger
050 #4 - SIGNATURA TOPOGRÁFICA DE LA BIBLIOTECA DEL CONGRESO
Número de clasificación HQ1
Número de documento/Ítem .W57 1936
245 10 - MENCIÓN DE TÍTULO
Título Wissen und können hochschule des praktischen lebens
Mención de responsabilidad, etc. Herausgegeben von der Wirtschaftlichen Vereinigung für Neuzeitliche Lebenskunde und Rationelle Haushaltführung.
260 ## - PUBLICACIÓN, DISTRIBUCIÓN, ETC.
Lugar de publicación, distribución, etc. Wien
Nombre del editor, distribuidor, etc. Verlagsbuchhandlung Hutter
Fecha de publicación, distribución, etc. 1936.
300 ## - DESCRIPCIÓN FÍSICA
Extensión 1111 p.
Otras características físicas il.
Dimensiones 25 cm.
500 ## - NOTA GENERAL
Nota general Au1965
650 14 - PUNTO DE ACCESO ADICIONAL DE MATERIA--TÉRMINO DE MATERIA
Término de materia o nombre geográfico como elemento de entrada Vida cotidiana
Subdivisión de forma Guias
9 (RLIN) 27883
710 2# - PUNTO DE ACCESO ADICIONAL--NOMBRE DE ENTIDAD CORPORATIVA
Nombre de entidad corporativa o nombre de jurisdicción como elemento de entrada Wirtschaftlichen Vereinigung für Neuzeitliche Lebenskunde
9 (RLIN) 27884
710 2# - PUNTO DE ACCESO ADICIONAL--NOMBRE DE ENTIDAD CORPORATIVA
Nombre de entidad corporativa o nombre de jurisdicción como elemento de entrada Rationelle Haushaltführung
9 (RLIN) 27885
902 ## - CATALOGADOR
Iniciales GRL
942 ## - ELEMENTOS DE PUNTO DE ACCESO ADICIONAL (KOHA)
Fuente del sistema de clasificación o colocación Library of Congress Classification
Tipo de ítem Koha Libros
Holdings
Estado de retiro Estado de pérdida Estado dañado No para préstamo Localización permanente Ubicación/localización actual Fecha de adquisición Número de inventario Total de préstamos Signatura topográfica completa Código de barras Fecha visto por última vez Precio válido a partir de Tipo de ítem Koha
El ejemplar forma parte de la colección y puede ser consultado según las políticas vigentes.       Biblioteca Centro de Estudios Ruth D. Lechuga Biblioteca Centro de Estudios Ruth D. Lechuga 30/07/2015 Au1965   HQ1 .W57 1936 (Au1965) GRL01959 22/03/2019 22/03/2019 Libros